| Tag |
First Indicator |
Second Indicator |
Subfields |
| LEADER |
00000cam a2200000 4500 |
| 001 |
in00000059640 |
| 005 |
20210612063148.0 |
| 008 |
721214s1959 nyu b 001 0 eng u |
| 010 |
|
|
|a 59005566
|
| 035 |
|
|
|a (OCoLC)00518133
|
| 035 |
|
|
|9 AAG1417AM
|
| 040 |
|
|
|c WSU
|d TXA
|d UtOrBLW
|
| 049 |
|
|
|a TXAM
|c 1 [305467]
|c 2 [305468]
|
| 090 |
|
|
|a JK1711
|b .S7 1959
|
| 092 |
|
|
|a 323.4
|b S754s
|
| 100 |
1 |
|
|a Spicer, George W.
|q (George Washington),
|d 1897-1980.
|
| 245 |
1 |
4 |
|a The Supreme Court and fundamental freedoms.
|
| 264 |
|
1 |
|a New York :
|b Appleton-Century-Crofts,
|c [1959]
|
| 300 |
|
|
|a x, 182 pages ;
|c 21 cm.
|
| 336 |
|
|
|a text
|b txt
|2 rdacontent
|
| 337 |
|
|
|a unmediated
|b n
|2 rdamedia
|
| 338 |
|
|
|a volume
|b nc
|2 rdacarrier
|
| 490 |
0 |
|
|a Current political problems: civil liberties
|
| 504 |
|
|
|a Includes bibliographical references and index.
|
| 610 |
1 |
0 |
|a United States.
|b Supreme Court.
|
| 650 |
|
0 |
|a Civil rights
|z United States.
|
| 999 |
|
|
|a MARS
|
| 999 |
f |
f |
|s e86662fb-19de-398b-8b1a-25c24a19e0b5
|i 16c2f974-c618-3fc7-ba68-e6fbc7eef3bd
|t 0
|
| 952 |
f |
f |
|p ric
|a Texas A&M University
|b Rellis Campus
|c Joint Library Facility
|d Remote Storage
|t 0
|e JK1711 .S7 1959
|h Library of Congress classification
|i unmediated -- volume
|m A14800666308
|
| 998 |
f |
f |
|a JK1711 .S7 1959
|t 0
|l Remote Storage
|